Southville International School and Colleges
Your cart is empty.
  • Cart
  • Lists
    Public lists Eva Luna New books Lux_list list_1
    Your lists Log in to create your own lists
  • Log in to your account
  • Your cookies
  • Search history
Southville International School and Colleges
  • Advanced search
  • Recent comments
  • Most popular
  • Libraries

Log in to your account

Log in with GOOGLE


If you do not have an external account, but do have a local account, you can still log in:

  1. Home
  2. MARC view: Social impact of satellite television in rural Indonesia /
Normal view MARC view ISBD view

Social impact of satellite television in rural Indonesia / (Record no. 15083)

[ view plain ]
MARC details
000 -LEADER
fixed length control field 01291cam a2200349 a 4500
001 - CONTROL NUMBER
control field 1557656
003 - CONTROL NUMBER IDENTIFIER
control field OSt
005 - DATE AND TIME OF LATEST TRANSACTION
control field 20140310182648.0
008 - FIXED-LENGTH DATA ELEMENTS--GENERAL INFORMATION
fixed length control field 920921s1991 si ab bs 000 0 eng
010 ## - LIBRARY OF CONGRESS CONTROL NUMBER
LC control number 91947874
020 ## - INTERNATIONAL STANDARD BOOK NUMBER
International Standard Book Number 9971905418
Terms of availability $18.00
040 ## - CATALOGING SOURCE
Original cataloging agency DLC
Transcribing agency DLC
Modifying agency DLC
043 ## - GEOGRAPHIC AREA CODE
Geographic area code a-io---
050 00 - LIBRARY OF CONGRESS CALL NUMBER
Classification number HE 8700.66
Item number .C559 1991
082 ## - DEWEY DECIMAL CLASSIFICATION NUMBER
Classification number M 302.23450954
Item number C47 1991
100 1# - MAIN ENTRY--PERSONAL NAME
Personal name Chu, Godwin C.,
Dates associated with a name 1927-
245 10 - TITLE STATEMENT
Title Social impact of satellite television in rural Indonesia /
Statement of responsibility, etc Chu, Godwin C.
260 ## - PUBLICATION, DISTRIBUTION, ETC. (IMPRINT)
Place of publication, distribution, etc Singapore :
Name of publisher, distributor, etc Asian Mass Communication Research and Information Centre,
Date of publication, distribution, etc c1991.
300 ## - PHYSICAL DESCRIPTION
Extent xii, 272 p. :
Other physical details ill., maps ;
Dimensions 23 cm.
504 ## - BIBLIOGRAPHY, ETC. NOTE
Bibliography, etc Includes bibliographical references.
521 ## - TARGET AUDIENCE NOTE
Target audience note
526 ## - STUDY PROGRAM INFORMATION NOTE
Reading level 0L-1700L
541 ## - IMMEDIATE SOURCE OF ACQUISITION NOTE
-- 1
562 ## - COPY AND VERSION IDENTIFICATION NOTE
Number of copies For circulation. 1 copy available in the collection
650 #0 - SUBJECT ADDED ENTRY--TOPICAL TERM
Topical term or geographic name as entry element Direct broadcast satellite television
General subdivision Economic aspects
Geographic subdivision Indonesia.
650 #0 - SUBJECT ADDED ENTRY--TOPICAL TERM
Topical term or geographic name as entry element Direct broadcast satellite television
General subdivision Social aspects
Geographic subdivision Indonesia.
700 0# - ADDED ENTRY--PERSONAL NAME
Personal name Alfian.
700 1# - ADDED ENTRY--PERSONAL NAME
Personal name Schramm, Wilbur,
Dates associated with a name 1907-1987.
906 ## - LOCAL DATA ELEMENT F, LDF (RLIN)
a 7
b cbc
c orignew
d 3
e ncip
f 19
g y-gencatlg
942 ## - ADDED ENTRY ELEMENTS (KOHA)
Source of classification or shelving scheme Library of Congress Classification
Koha item type Books
Call number prefix
Holdings
Withdrawn status Lost status Source of classification or shelving scheme Damaged status Home library Current library Shelving location Date acquired Total Checkouts Full call number Barcode Date last seen Copy number Price effective from Koha item type
    Library of Congress Classification   College Library College Library General Circulation Section 04/18/2012   HE 8700.66 .C559 1991 c4966 05/15/2018 1 04/18/2012 Books

Social impact of satellite television in rural Indonesia /

APA

Chu G. C., Alfian & Schramm W. (1991). Social impact of satellite television in rural Indonesia. Singapore: Asian Mass Communication Research and Information Centre.

Chicago

Chu Godwin C, Alfian and Schramm Wilbur. 1991. Social impact of satellite television in rural Indonesia. Singapore: Asian Mass Communication Research and Information Centre.

Harvard

Chu G. C., Alfian and Schramm W. (1991). Social impact of satellite television in rural Indonesia. Singapore: Asian Mass Communication Research and Information Centre.

MLA

Chu Godwin C, Alfian and Schramm Wilbur. Social impact of satellite television in rural Indonesia. Singapore: Asian Mass Communication Research and Information Centre. 1991.

  • Place hold
  • Print
  • Cite
  • Add to your cart (remove)
  • Save record
    BIBTEX Dublin Core MARCXML MARC (non-Unicode/MARC-8) MARC (Unicode/UTF-8) MARC (Unicode/UTF-8, Standard) MODS (XML) RIS
  • More searches
    Search for this title in:
    Other Libraries (WorldCat) Other Databases (Google Scholar) Online Stores (Bookfinder.com) Open Library (openlibrary.org)

Exporting to Dublin Core...

SOUTHVILLE LIBRARY

Southville International School and Colleges Library

1281 Tropical Ave. Cor. Luxembourg St., BF Homes International, Las Pinas City

Tel. No. 8256374 / 252358 Loc. 117/146

Powered by Koha